000 00725nam a2200229 a 4500
001 BRCA_423
005 20190320203014.0
008 721215s1988 sp-a---###---#000-0#spa-d
020 _a8420670014
040 _aDLC
_cODaWU
_dOCoLC
050 4 _aND1283
_b.A38 1988
100 1 _aAlbers, Josef
_91442
245 1 0 _aLa interacción del color
_cJosef Albers; versión castellana de María Luisa Balseiro.
260 _aEspaña
_bAlianza
_c1988
300 _a115 p.
_bil.
_c23 cm.
440 0 _aAlianza forma
_91443
500 _aContiene 8 láminas y su explicación
500 _aTraducción de : Interaction of Color
650 1 4 _aColor
_xEstudio y enseñanza
_91444
700 1 _aBalseiro, María Luisa
_91445
942 _2lcc
_cB
999 _c358
_d358